000 00666nam a22002297a 4500
003 UA-OsUOA
001 96814
007 ta
008 20130322b un ||||| |||| 00| 0 ukr d
100 _aМаяковский В.
090 _a821.161.1
_bМ30
942 _cBK
040 _aUA-OsUOA
_brus
_cUA-OsUOA
_dUA-OsUOA
245 _aСтихотворения.Поэмы
_cСост. Гончаров Б, Зименков А.
300 _a224 с.
955 _a0
041 _arus
080 _a821.161.1
260 _aМосква
_bПросвещение
_c1986
650 7 _a82 Література. Літературознавство
_2UDC
999 _c383064
_d383064